Principles of Marketing/ (Record no. 198261)

MARC details
000 -LEADER
fixed length control field 00791nam a22002297a 4500
005 - DATE AND TIME OF LATEST TRANSACTION
control field 20230918114945.0
010 ## - LCCN (DPL NO)
LC control number ENG-138090
020 ## - INTERNATIONAL STANDARD BOOK NUMBER
International Standard Book Number 9789357055215
Terms of availability 1049.00
035 ## - SYSTEM CONTROL NUMBER
System control number EN-121622
037 ## - SOURCE OF ACQUISITION
Source of stock number/acquisition DBAD/PUB
082 ## - DEWEY DECIMAL CLASSIFICATION NUMBER
Classification number 658.8
Edition number 19
100 ## - MAIN ENTRY--PERSONAL NAME
Personal name Kotler, Philip
245 ## - TITLE STATEMENT
Title Principles of Marketing/
Statement of responsibility, etc By Philip Kotler...[et.al]
250 ## - EDITION STATEMENT
Edition statement 19
260 ## - PUBLICATION, DISTRIBUTION, ETC. (IMPRINT)
Place of publication, distribution, etc Uttar Pradesh
Name of publisher, distributor, etc Pearson India Education Services Pvt. Ltd.
Date of publication, distribution, etc 2023
270 ## - ADDRESS
Address 1st Floor, Berger Tower, Plot No. C-001A/2, Sector 16B
City Noida (Uttar Pradesh)
Postal code 201301
300 ## - PHYSICAL DESCRIPTION
Extent 736p.
Dimensions 26cm(pbk)
Other physical details Index
700 ## - ADDED ENTRY--PERSONAL NAME
Personal name Amstrong, Gary
Relator term Author
9 (RLIN) 56795
700 ## - ADDED ENTRY--PERSONAL NAME
Personal name Balasubramanian, Sridhar
Relator term Author
9 (RLIN) 56796
700 ## - ADDED ENTRY--PERSONAL NAME
Personal name Agnihotri, Prafulla
Relator term Author
9 (RLIN) 56797
942 ## - ADDED ENTRY ELEMENTS (KOHA)
Source of classification or shelving scheme Dewey Decimal Classification
Item type English Books
Classification part 658.8
Call number suffix KOT
Edition 19
Holdings
Withdrawn status Lost status Not for loan Collection code Home library Current library Date acquired Source of acquisition Cost, normal purchase price Full call number Barcode Copy number Cost, replacement price Koha item type
      Non-fiction Vinoba Puri Vinoba Puri 18/09/2023 DBAD/PUB 1049.00 658.8 KOT EN-121622 1 1049.00 English Books

© Delhi Public Library
Hit Counter
free hit counter